000 00872nam a22002777a 4500
001 9775
003 FISKH
005 20260223143831.0
008 260223b cb ||||| |||| 00| 0 eng d
020 _a9781035058754
040 _aFISKH
_bENG
_cFISKH
_dFISKH
050 _aPZ7.1 .F347
082 _a813.6
100 _aFaizal, Hafsah
245 _aWe hunt the flame /
_cHafsah Faizal
260 _aLondon :
_bFirst Ink,
_c2020.
300 _a506 pages :
_c20 cm
490 _aSands of Arawiya :
_vBook one
505 _aR
520 _aIn a world inspired by ancient Arabia, seventeen-year-old huntress Zafira must disguise herself as a man to seek a lost artifact that could return magic to her cursed world.
521 8 _a740
_bLexile HL
521 8 _aR
_bRaz-Plus
650 _aHigh Fantasy
_vYoung Adult
942 _2ddc
_cBK
_n0
999 _c9775
_d9775